00731nam a2200193 a 450000500170000000800410001702000150005804100080007310000170008124500340009825000520013226000570018430000110024150000930025265300360034565300440038165300750042565300370050020240412131119.0100309e1990||||ag f0 s|1s0 spa d a9505570112 aspa1 aFromm, Erich 1a¿Tener o ser? /cErich Fromm a1a ed. 7a reimp. bTraducción Carlos Valdéz aBuenos Aires: bFondo de Cultura Económica:c1990. a191 p. aFromm, E. (1990). ¿Tener o ser?. (7a ed.). Buenos Aires : Fondo de Cultura Económica. aDiferencia entre el tener y ser aTener y ser en la experiencia cotidiana aAnálisis de las diferencias fundamentales de los modos de existencia aHombre nuevo y la sociedad nueva